Months by Popularity as First Names - Statistics

General Stats
  • This quiz has been taken 262 times
  • The average score is 8 of 12
Answer Stats
# of People Average Age % Female Months % Correct
230,180 40 99.7 April
100%
83,787 59 98.6 June
99%
38,669 17 12.8 August
95%
11,008 51 98.4 May
92%
2,046 31 100 September
80%
2,045 36 100 January
78%
1,475 23 99.6 December
62%
1,077 12 96.0 October
55%
985 21 77.4 July
49%
132 57 59.4 March
45%
0 N/A N/A February
43%
827 14 100 November
40%
No matching quizzes found
Score Distribution
Percent of People with Each Score
Percentile by Number Answered
Your Score History
You have not taken this quiz